Applied mechanics : proceedings of the Twelfth International Congress of Applied Mechanics, Stanford University, August 26-31, 1968 /

Bibliographic Details
Corporate Authors: International Congress of Applied Mechanics, SpringerLink (Online service)
Other Authors: Hetényi, M. (Miklós), 1906- (Editor), Vincenti, Walter G. (Walter Guido), 1917- (Editor)
Format: Conference Proceeding eBook
Language:English
Published: Berlin : Springer, 1969.
Subjects:
Online Access:Connect to the full text of this electronic book

MARC

Tag First Indicator Second Indicator Subfields
LEADER 00000cam a2200000Ii 4500
001 in00003539708
006 m o d
007 cr cnu|||unuuu
008 140927s1969 gw a o 100 0 eng d
005 20260422223454.8
020 |a 9783642856402 (electronic bk.) 
020 |z 9783642856426 
020 |a 3642856403 (electronic bk.) 
024 7 |a 10.1007/978-3-642-85640-2  |2 doi 
035 |a (OCoLC)891440110 
040 |a GW5XE  |b eng  |e rda  |e pn  |c GW5XE  |d GW5XE  |d OCLCF  |d UtOrBLW 
049 |a TXAM 
050 4 |a TA349 
072 7 |a PHD  |2 bicssc 
072 7 |a SCI041000  |2 bisacsh 
082 0 4 |a 620.1  |2 23 
111 2 |a International Congress of Applied Mechanics  |n (12th :  |d 1968) 
245 1 0 |a Applied mechanics :  |b proceedings of the Twelfth International Congress of Applied Mechanics, Stanford University, August 26-31, 1968 /  |c edited by Miklós Hetényi, Walter G. Vincenti. 
264 1 |a Berlin :  |b Springer,  |c 1969. 
300 |a 1 online resource :  |b illustrations. 
336 |a text  |b txt  |2 rdacontent 
337 |a computer  |b c  |2 rdamedia 
338 |a online resource  |b cr  |2 rdacarrier 
588 0 |a Description based on online resource; title from PDF title page (Springerlink), viewed Sep. 27, 2014). 
650 0 |a Mechanics, Applied  |v Congresses. 
650 0 |a Physics  |v Congresses. 
650 0 |a Mechanics  |v Congresses. 
650 0 |a Mechanical engineering  |v Congresses. 
650 1 4 |a Physics. 
650 2 4 |a Mechanics. 
650 2 4 |a Mechanical engineering. 
650 7 |a Mechanical engineering.  |2 fast  |0 (OCoLC)fst01013375 
650 7 |a Mechanics.  |2 fast  |0 (OCoLC)fst01013446 
650 7 |a Mechanics, Applied.  |2 fast  |0 (OCoLC)fst01013489 
650 7 |a Physics.  |2 fast  |0 (OCoLC)fst01063025 
655 7 |a Electronic books.  |2 local 
655 7 |a Conference proceedings.  |2 fast  |0 (OCoLC)fst01423772 
700 1 |a Hetényi, M.  |q (Miklós),  |d 1906-  |e editor. 
700 1 |a Vincenti, Walter G.  |q (Walter Guido),  |d 1917-  |e editor. 
710 2 |a SpringerLink (Online service) 
856 4 0 |u http://proxy.library.tamu.edu/login?url=https://link.springer.com/10.1007/978-3-642-85640-2  |z Connect to the full text of this electronic book  |t 0 
994 |a 92  |b TXA 
999 |a MARS 
999 f f |s 5ea88f08-ad1a-3b3e-91e5-ec821ea574b2  |i d21827a3-b24e-3a85-8447-6de98769c100  |t 0 
952 f f |a Texas A&M University  |b College Station  |c Electronic Resources  |s www_evans  |d Available Online  |t 0  |e TA349  |h Library of Congress classification 
998 f f |a TA349  |t 0  |l Available Online